Historiettes et proverbes / (Record no. 165058)
[ view plain ]
| 000 -LEADER | |
|---|---|
| campo de control de longitud fija | 00898nam a22001935i 4500 |
| 001 - NÚMERO DE CONTROL | |
| campo de control | 165058 |
| 003 - IDENTIFICADOR DE NÚMERO DE CONTROL | |
| campo de control | ES-MaACL |
| 005 - FECHA Y HORA DE LA ÚLTIMA TRANSACCIÓN | |
| campo de control | 20230906213047.0 |
| 008 - DATOS DE LONGITUD FIJA--INFORMACIÓN GENERAL | |
| campo de control de longitud fija | 050809s1858 fr | |||||||| ||fre d |
| 040 ## - FUENTE DE CATALOGACIÓN | |
| Centro catalogador/agencia de origen | CAM |
| Lengua de catalogación | spa |
| Centro/agencia transcriptor | CAM |
| 100 1# - ENTRADA PRINCIPAL--NOMBRE DE PERSONA | |
| Nombre de persona | Scribe, Eugène. |
| 9 (RLIN) | 104966 |
| 245 10 - MENCIÓN DEL TÍTULO | |
| Título | Historiettes et proverbes / |
| Mención de responsabilidad, etc. | par Eugène Scribe. |
| 260 ## - PUBLICACIÓN, DISTRIBUCIÓN, ETC. | |
| Lugar de publicación, distribución, etc. | Paris : |
| Nombre del editor, distribuidor, etc. | Michel Lévy Frères, libraires-éditeurs, |
| Fecha de publicación, distribución, etc. | 1858. |
| 300 ## - DESCRIPCIÓN FÍSICA | |
| Extensión | 281 p. ; |
| Dimensiones | 19 cm. |
| 505 8# - NOTA DE CONTENIDO CON FORMATO | |
| Nota de contenido con formato | Contiene: Judith, ou La loge d'0péra ; Le tête-a-tête ou Trente lieues en poste ; Un ministre sous Louis XV ; Le Roi de Carreau ; Potemkin, ou Un caprice impérial ; Le prix de la vie ; Le jeune docteur, ou Le moyen de parvenir ; La conversion, ou a l'impossible nul n'est tenu |
| 710 2# - ENTRADA AGREGADA--NOMBRE DE ENTIDAD CORPORATIVA | |
| Nombre de entidad corporativa o nombre de jurisdicción como elemento de entrada | Lèvy, Michel, Frères, |
| Término indicativo de función/relación | |
| 9 (RLIN) | 134666 |
| 752 ## - ENTRADA AGREGADA--NOMBRE JERÁRQUICO DEL LUGAR | |
| País o entidad superior | Francia - |
| Ciudad | París |
| 852 ## - LOCALIZACIÓN | |
| Ubicación | ES-MaACL |
| Número de control de estantería | C-3559 |
| Nota libre | -- Sin enc. |
| -- | -- Legado de Modesto de La Fuente |
| Estatus retirado | Estado de pérdida | Estado de daño | No para préstamo | Colección | Biblioteca de origen | Biblioteca actual | Ubicación en estantería | Fecha de adquisición | Fuente de adquisición | Total de préstamos | Signatura topográfica completa | Código de barras | Visto por última vez | Precio de reemplazo | Tipo de ítem Koha |
|---|---|---|---|---|---|---|---|---|---|---|---|---|---|---|---|
| Libros del s. XIX | Biblioteca del Ateneo de Madrid | Biblioteca del Ateneo de Madrid | Sala Palomar | 17/01/2008 | C-3559 | 1173043 | 23/02/2023 | 23/02/2023 | Libro impreso antiguo |
